Statistics for Premier League History & Records

Click here to take the quiz!

General Stats

  • This quiz has been taken 124 times
  • The average score is 11 of 20

Answer Stats

QuestionAnswer% Correct
The only time that goal difference has determined the Premier League title winners was between Manchester United and what other team?Manchester City
92%
Manchester Untied have the most Premier League titles, how many times have they won it?13
90%
What team holds the record for the longest unbeaten run in the Premier League?Arsenal (49)
84%
Which team holds the record for the best goal difference at the end of a single season?Chelsea (71)
84%
What teams holds the record for the fewest wins ever in a Premier League season (38 games)Derby (1 Win)
83%
Jermain Defoe holds the record for the most goals scored in a single half, how many did he score?5
77%
Which American goalkeeper has the most clean sheets in Premier League History?Tim Howard
69%
Which Spanish player holds the highest transfer sale between two English clubs?Fernando Torres (£50m)
59%
Which player has been substituted the most in Premier League history?Ryan Giggs (134)
50%
Which player holds the record for the fastest hat-trick scored in the Premier League?Sadio Mané (2m 56s)
48%
Who is 4th in the all time Premier League scoring list?Frank Lampard (177 goals)
47%
The most goals scored in a single season is 31, a record held by Alan Shearer, Luis Suarez and which other player?Cristiano Ronaldo
45%
Which ex Aston Villa player holds the record for the most yellow cards given in Premier League History?Gareth Barry
45%
What team has had the most losses in the total time they have been in the Premier League? (all seasons)Aston Villa (333)
44%
Which Ex-England goalkeeper has the most assists in Premier League history? (for a goalkeeper)Paul Robinson (5)
39%
Which goalkeeper was the first to score a Premier League goal?Peter Schmeichel
39%
Which player holds the record for the Most consecutive Premier League appearances?Brad Friedel (310 consecutive games)
36%
Which manager holds the record for the most promotions to the Premier League?Steve Bruce (4)
32%
The highest attendance to a single game is 76,098 which was between Manchester United and which other team?Blackburn Rovers
25%
Who is the oldest player to ever appear in a premier league game?John Burridge (43 years and 162 days)
6%

Score Distribution

Percentile by Number Answered

Percent of People with Each Score

Your Score History

You have not taken this quiz